Por un Estado de Derecho

Guardat en:
Dades bibliogràfiques
Autor principal: Gil Robles, José María (Autor)
Format: Llibre
Idioma:espanyol
Publicat: Barcelona Ediciones Ariel 1969
Edició:1a. ed
Col·lecció:Ariel Quincenal, 21
Matèries:
Etiquetes: Afegir etiqueta
Sense etiquetes, Sigues el primer a etiquetar aquest registre!

MARC

LEADER 00000cam a2200000 a 4500
001 UCC5247
003 CL-VaPUC
008 180927e19690000sp |||||||||||||||||spa|d
082 0 4 |a 342.2  |b GIL  |2 21 
100 0 |a Gil Robles, José María  |e author  |9 599543 
245 1 0 |a Por un Estado de Derecho 
250 |a 1a. ed 
300 |a 153 p 
942 |c BK 
945 |d 20180927 22:58:00  |a dcastane 
260 |a Barcelona  |b Ediciones Ariel  |c 1969 
650 0 |a Estado de derecho  |9 257795 
650 0 |a Derecho constitucional   |9 222588 
583 |a last modification  |c 20180927 22:58:00  |k Rodrigo Vera 
490 0 |a Ariel Quincenal, 21 
999 |c 372503  |d 372501 
952 |0 0  |1 0  |3 erb  |4 0  |6 342_200000000000000_GIL_1969  |7 0  |8 A  |9 490179  |a BIBDER  |b BIBDER  |e Mateluna Arestizabal, Alfredo Sergio  |i 549026K  |o 342.2 GIL 1969  |p 549026K  |r 2023-01-25  |w 2019-11-24  |y BK  |z Catalogado en:20180927  |k DER